History Quiz

Random History or Mythology Quiz

Greek Mythological Figures Quiz Stats

 Plays Quiz not verified by Sporcle

Challenge
Share
Tweet
Embed
Score 0/22 Timer 04:00
0 Plays Today
Hint Answer % Correct
Father of ZeusKronos
84.3%
Ferryman of the StyxCharon
68.5%
Goddess of VictoryNike
64.4%
The face that launched a thousand shipsHelen
64.2%
Father of IcarusDaedalus
59%
MotherGaia
55.9%
Goddess of the RainbowIris
54.9%
Father SkyUranus
52%
Scorned by JasonMedea
40.8%
Now blind son of PoseidonPolyphemus
39.5%
God of the windsAeolus
36%
Hint Answer % Correct
Deities of vengeanceFuries
36%
Mortal mother of DionysusSemele
24.4%
God of the West WindZephyrus
23.4%
Wife and Mother to one manJocasta
19.9%
Wife of PeleusThetis
19.9%
Son of ClytemnestraOrestes
19.7%
Achilles' stolen prizeBriseis
17.2%
Father of OdysseusLaertes
15.7%
Brother of Minos and judge of the deadRhadamanthus
9.7%
First King of AthensErectheus
5.2%
Semi-divine horseXanthos
4.1%

You're not logged in!

Compare scores with friends on all Sporcle quizzes.
OR
Log In

You Might Also Like...

Show Comments

Extras

Created Dec 14, 2009SourceReportNominate
Tags:Mythology Quiz, Greek

Top Quizzes Today


Score Distribution

Your Account Isn't Verified!

In order to create a playlist on Sporcle, you need to verify the email address you used during registration. Go to your Sporcle Settings to finish the process.

Report this User

Report this user for behavior that violates our Community Guidelines.

Details: